000 00539nam a22001577a 4500
005 20260428165831.0
008 260428b |||||||| |||| 00| 0 eng d
040 _aRTL
_cRTL
084 _aX9(J):(Y).2.N7 L4/TD
_qRTL
100 _aBeteille, Andre
245 _aStudies in agrarian social structure
260 _aDelhi
_bOxford University Press
_c1974
300 _avii, 206 p.
_bIncludes bibliographical references and index
942 _2CC
_cTB
_hX9(J):(Y).2.N7 L4/TD
_n0
999 _c1848614
_d1848614